<?xml version="1.0" encoding="UTF-8"?>
<record
    xmlns:xsi="http://www.w3.org/2001/XMLSchema-instance"
    xsi:schemaLocation="http://www.loc.gov/MARC21/slim http://www.loc.gov/standards/marcxml/schema/MARC21slim.xsd"
    xmlns="http://www.loc.gov/MARC21/slim">

  <leader>01374nam a2200277 i 4500</leader>
  <controlfield tag="003">DO-SdBNP</controlfield>
  <controlfield tag="005">20250430095247.0</controlfield>
  <controlfield tag="007">ta</controlfield>
  <controlfield tag="008">250430b2020    dr a|||| |||| 00| 0 spa d</controlfield>
  <datafield tag="020" ind1=" " ind2=" ">
    <subfield code="a">9789993481553</subfield>
  </datafield>
  <datafield tag="040" ind1=" " ind2=" ">
    <subfield code="a">DO-SdBNP</subfield>
    <subfield code="b">spa</subfield>
    <subfield code="c">BNPHU</subfield>
    <subfield code="e">rda</subfield>
  </datafield>
  <datafield tag="041" ind1=" " ind2=" ">
    <subfield code="a">spa</subfield>
  </datafield>
  <datafield tag="082" ind1=" " ind2="4">
    <subfield code="a">xxx</subfield>
    <subfield code="b">A657d </subfield>
    <subfield code="2">22</subfield>
  </datafield>
  <datafield tag="100" ind1=" " ind2=" ">
    <subfield code="a">Aquino Rodr&#xED;guez, Jos&#xE9; &#xC1;ngel</subfield>
    <subfield code="e">autor</subfield>
    <subfield code="4">aut.</subfield>
    <subfield code="9">12222</subfield>
  </datafield>
  <datafield tag="245" ind1="1" ind2="0">
    <subfield code="a">De la cuota femenina a la paridad en Centroam&#xE9;rica, M&#xE9;xico y Rep&#xFA;blica Dominicana /</subfield>
    <subfield code="c">Jos&#xE9; &#xC1;ngel Aquino Rodr&#xED;guez.</subfield>
  </datafield>
  <datafield tag="264" ind1=" " ind2=" ">
    <subfield code="a">Santo Domingo :</subfield>
    <subfield code="b">Ministerio De La Mujer,</subfield>
    <subfield code="c">2020.</subfield>
  </datafield>
  <datafield tag="300" ind1=" " ind2=" ">
    <subfield code="a">55 p&#xE1;ginas :</subfield>
    <subfield code="b">ilustraciones, retratos ;</subfield>
    <subfield code="c">22 cm. </subfield>
  </datafield>
  <datafield tag="336" ind1=" " ind2=" ">
    <subfield code="a">texto</subfield>
    <subfield code="b">txt</subfield>
    <subfield code="2">rdacontent</subfield>
  </datafield>
  <datafield tag="337" ind1=" " ind2=" ">
    <subfield code="a">sin mediaci&#xF3;n </subfield>
    <subfield code="b">n</subfield>
    <subfield code="2">rdamedia</subfield>
  </datafield>
  <datafield tag="338" ind1=" " ind2=" ">
    <subfield code="a">volumen</subfield>
    <subfield code="b">nc</subfield>
    <subfield code="2">rdacarrier</subfield>
  </datafield>
  <datafield tag="504" ind1=" " ind2=" ">
    <subfield code="a">Bibliograf&#xED;a: p&#xE1;ginas 48-53</subfield>
  </datafield>
  <datafield tag="505" ind1=" " ind2=" ">
    <subfield code="a">La paridad de g&#xE9;nero: La inclusi&#xF3;n como instrumento de la pol&#xED;tica / </subfield>
    <subfield code="r">Janet Camilo --</subfield>
    <subfield code="t">I. De la cuota femenina a la paridad en Centroam&#xE9;rica, M&#xE9;xico y Rep&#xFA;blica Dominicana --</subfield>
    <subfield code="t">II. La cuota femenina en Centroam&#xE9;rica, M&#xE9;xico y Rep&#xFA;blica Dominicana --</subfield>
    <subfield code="t">III. La paridad: de postulado te&#xF3;rico a norma fundamental --</subfield>
    <subfield code="t">IV. Aplicaci&#xF3;n de la paridad en las listas electorales en Centroam&#xE9;rica, M&#xE9;xico y Rep&#xFA;blica Dominicana --</subfield>
    <subfield code="t">V. Los desaf&#xED;os de la paridad.</subfield>
  </datafield>
  <datafield tag="710" ind1="1" ind2=" ">
    <subfield code="a">Ministerio De La Mujer</subfield>
    <subfield code="9">87579</subfield>
  </datafield>
  <datafield tag="910" ind1=" " ind2=" ">
    <subfield code="a">LP</subfield>
  </datafield>
  <datafield tag="942" ind1=" " ind2=" ">
    <subfield code="2">ddc</subfield>
    <subfield code="c">LBS1</subfield>
  </datafield>
  <datafield tag="952" ind1=" " ind2=" ">
    <subfield code="0">0</subfield>
    <subfield code="1">0</subfield>
    <subfield code="2">ddc</subfield>
    <subfield code="7">0</subfield>
    <subfield code="8">PD</subfield>
    <subfield code="a">BNPHU</subfield>
    <subfield code="b">BNPHU</subfield>
    <subfield code="c">CT</subfield>
    <subfield code="d">2024-05-08</subfield>
    <subfield code="e">Donado por Ministerio de la Mujer </subfield>
    <subfield code="l">0</subfield>
    <subfield code="o">xxx A657d </subfield>
    <subfield code="p">2025-3813</subfield>
    <subfield code="r">2025-04-30</subfield>
    <subfield code="w">2025-04-30</subfield>
    <subfield code="y">LBS1</subfield>
  </datafield>
  <datafield tag="952" ind1=" " ind2=" ">
    <subfield code="0">0</subfield>
    <subfield code="1">0</subfield>
    <subfield code="2">ddc</subfield>
    <subfield code="5">6</subfield>
    <subfield code="7">0</subfield>
    <subfield code="8">DS</subfield>
    <subfield code="a">BNPHU</subfield>
    <subfield code="b">BNPHU</subfield>
    <subfield code="c">CT</subfield>
    <subfield code="d">2024-05-08</subfield>
    <subfield code="e">Donado por Ministerio de la Mujer </subfield>
    <subfield code="l">0</subfield>
    <subfield code="o">xxx A657d </subfield>
    <subfield code="p">2025-3815</subfield>
    <subfield code="r">2025-04-30</subfield>
    <subfield code="t">e.3</subfield>
    <subfield code="w">2025-04-30</subfield>
    <subfield code="y">LBS1</subfield>
  </datafield>
  <datafield tag="952" ind1=" " ind2=" ">
    <subfield code="0">0</subfield>
    <subfield code="1">0</subfield>
    <subfield code="2">ddc</subfield>
    <subfield code="5">1</subfield>
    <subfield code="7">0</subfield>
    <subfield code="8">PD</subfield>
    <subfield code="a">BNPHU</subfield>
    <subfield code="b">BNPHU</subfield>
    <subfield code="c">CT</subfield>
    <subfield code="d">2024-05-08</subfield>
    <subfield code="e">Donado por Ministerio de la Mujer </subfield>
    <subfield code="l">0</subfield>
    <subfield code="o">xxx A657d </subfield>
    <subfield code="p">2025-3814</subfield>
    <subfield code="r">2025-04-30</subfield>
    <subfield code="t">e.2</subfield>
    <subfield code="w">2025-04-30</subfield>
    <subfield code="y">LBS1</subfield>
  </datafield>
  <datafield tag="999" ind1=" " ind2=" ">
    <subfield code="c">58861</subfield>
    <subfield code="d">58861</subfield>
  </datafield>
</record>
